Classics in Total Synthesis : Targets, Strategies, Methods

Gespeichert in:
Bibliographische Detailangaben
Hauptverfasser: Nicolaou, K.C (Verfasst von), Sorensen, E.J (Verfasst von)
Format: Buch
Sprache:Englisch
Veröffentlicht: Weinheim : VCH, 1996
Tags: Tag hinzufügen
Keine Tags, Fügen Sie das erste Tag hinzu!

MARC

LEADER 00000nam a22000003a 4500
001 stu78097
005 20150617225646.3
008 021125s1996----gw------------------eng-d
020 |a 3-527-29231-4 
040 |a STU  |b slo 
041 0 |a eng 
044 |a gw 
080 |a 547.07  |7 stu_us_auth*stu5762 
100 1 |a Nicolaou, K.C.  |4 aut 
245 1 |a Classics in Total Synthesis :  |b Targets, Strategies, Methods 
260 |a Weinheim :  |b VCH,  |c 1996 
300 |a 798 s. Tab.,lit.,index 
700 1 |a Sorensen, E.J.  |4 aut 
996 |b C96920  |c C*96920  |l CCIV  |s P  |a 0  |w stu78097_0001